[Event "EU-ch 25th"]
[Site "Eforie Nord"]
[Date "2025.03.26"]
[Round "11"]
[White "Codru, Raul Cristian"]
[Black "Marusyn, Yana"]
[Result "1/2-1/2"]
[WhiteElo "1961"]
[BlackElo "1645"]
[PlyCount "117"]
[EventDate "2025.03.15"]
[EventType "swiss"]
[EventRounds "11"]
[EventCountry "ROU"]
[SourceTitle "CB13_2025"]
[SourceDate "2025.03.26"]
[SourceVersion "1"]
[SourceVersionDate "2025.03.26"]
[SourceQuality "1"]

1. d4 d5 2. c4 e6 3. Nc3 a6 4. cxd5 exd5 5. Qb3 c5 6. Nxd5 Nc6 7. dxc5 Bxc5 8. Nf3 Nf6 9. Nxf6+ Qxf6 10. e3 Bg4 11. Be2 Bb4+ 12. Bd2 Bxd2+ 13. Nxd2 Bxe2 14. Kxe2 Qe7 15. Nf3 0-0 16. Rhd1 Rac8 17. Kf1 Rc7 18. Rac1 Rfc8 19. Qb6 h6 20. h3 Qe6 21. a4 Kh7 22. Rc3 Qa2 23. b3 Nd4 24. Rxc7 Qe2+ 25. Kg1 Qxd1+ 26. Kh2 Nxf3+ 27. gxf3 Rxc7 28. Qxc7 Qxf3 29. Qf4 Qd5 30. b4 f6 31. e4 Qc4 32. Qf5+ Kh8 33. b5 axb5 34. axb5 Qc7+ 35. Kg2 Kg8 36. Qe6+ Kh7 37. b6 Qb8 38. h4 Qd8 39. h5 Qa8 40. Qf5+ Kh8 41. e5 fxe5 42. Qxe5 Qc8 43. Kg3 Qc6 44. Qd4 Kg8 45. Qd8+ Kh7 46. Qc7 Qe4 47. f3 Qd5 48. Qc2+ Kh8 49. Qg6 Qe5+ 50. Kg4 Qd4+ 51. Kh3 Qd7+ 52. Kg3 Qd5 53. Kg4 Qd4+ 54. Kh3 Qd7+ 55. Kg3 Qd5 56. Qe8+ Kh7 57. Qg6+ Kh8 58. Qe8+ Kh7 59. Qg6+ 1/2-1/2

[Event "EU-ch 25th"]
[Site "Eforie Nord"]
[Date "2025.03.19"]
[Round "5"]
[White "Codru, Raul Cristian"]
[Black "Teker, Renas Arda Miralper"]
[Result "1-0"]
[WhiteElo "1961"]
[BlackElo "1686"]
[PlyCount "40"]
[EventDate "2025.03.15"]
[EventType "swiss"]
[EventRounds "11"]
[EventCountry "ROU"]
[SourceTitle "CB13_2025"]
[SourceDate "2025.03.26"]
[SourceVersion "1"]
[SourceVersionDate "2025.03.26"]
[SourceQuality "1"]

1. d4 d5 2. c4 e6 3. Nc3 Be7 4. Nf3 Nf6 5. Bf4 b6 6. e3 Bb7 7. cxd5 Nxd5 8. Nxd5 Bxd5 9. Rc1 Bd6 10. Bxd6 Qxd6 11. Qc2 Qb4+ 12. Nd2 0-0 13. a3 Qa5 14. Qxc7 Na6 15. Qc3 Qa4 16. Rc2 Qa5 17. Bd3 Bxg2 18. Rg1 Bb7 19. Bxh7+ Kh8 20. Bd3 Rac8 1-0

[Event "EU-ch 25th"]
[Site "Eforie Nord"]
[Date "2025.03.17"]
[Round "3"]
[White "Codru, Raul Cristian"]
[Black "Nalbandyan, Vahan"]
[Result "0-1"]
[WhiteElo "1961"]
[BlackElo "2149"]
[PlyCount "65"]
[EventDate "2025.03.15"]
[EventType "swiss"]
[EventRounds "11"]
[EventCountry "ROU"]
[SourceTitle "CB13_2025"]
[SourceDate "2025.03.26"]
[SourceVersion "1"]
[SourceVersionDate "2025.03.26"]
[SourceQuality "1"]

1. d4 Nf6 2. c4 g6 3. Nc3 Bg7 4. e4 d6 5. h3 0-0 6. Nf3 Nbd7 7. Bg5 h6 8. Be3 e5 9. d5 Nh5 10. Qd2 Kh7 11. g4 Nf4 12. 0-0-0 Qe7 13. Bxf4 exf4 14. Qxf4 Ne5 15. Nxe5 Bxe5 16. Qe3 Qf6 17. Kb1 Bd7 18. Bg2 b5 19. cxb5 a6 20. Rhf1 g5 21. b6 Rfb8 22. Qf3 Qg7 23. bxc7 Rb7 24. Rc1 Rxc7 25. Rc2 Rb8 26. Rfc1 a5 27. Ka1 Kg8 28. a3 Bf4 29. Rb1 Rb3 30. Ka2 Qd4 31. Qd1 Qb6 32. Qd3 Be5 33. Nd1 0-1

[Event "ROM-chT"]
[Site "Mamaia"]
[Date "2024.10.06"]
[Round "9.6"]
[White "Nastore, Pavel Alexandru"]
[Black "Codru, Raul Cristian"]
[Result "1-0"]
[WhiteElo "2252"]
[BlackElo "1786"]
[PlyCount "47"]
[EventDate "2024.09.28"]
[EventType "team-tourn"]
[EventRounds "9"]
[EventCountry "ROU"]
[SourceTitle "EXT 2025"]
[Source "ChessBase"]
[SourceDate "2024.10.14"]
[SourceVersion "1"]
[SourceVersionDate "2024.10.14"]
[SourceQuality "1"]
[WhiteTeam "Timisoara Vest Univ"]
[BlackTeam "Pioni Romanesti"]
[WhiteTeamCountry "ROU"]
[BlackTeamCountry "ROU"]

1. d4 Nf6 2. Nf3 d5 3. g3 g6 4. Bg2 Bg7 5. 0-0 0-0 6. c4 c6 7. Nc3 dxc4 8. e4 b5 9. Qe2 Nbd7 10. e5 Nd5 11. e6 N7b6 12. exf7+ Rxf7 13. Ng5 Nxc3 14. bxc3 Rf6 15. a4 Bf5 16. Re1 Nxa4 17. Rxa4 bxa4 18. Qxc4+ e6 19. g4 Bxg4 20. d5 Bf5 21. dxe6 Qe7 22. Ba3 Qe8 23. Bxc6 Rc8 24. Qh4 1-0